000 00244nam a22001097a 4500
003 SGT
082 _a370
_bNIS
100 _aNISANK, RAMESH POKHRIYAL
245 _aSANGHARSH JARI HAI (HINDI)
260 _aDELHI
_bWINSAR PUB.
942 _2ddc
_cBK
_02
999 _c18559
_d18559